000 00759nam a2200193 a 4500
001 000183507
003 AM-YeHGA
005 20250618075559.0
008 971224s1954 |||| |||||||||| | rus c
040 _aAM-YeHGA
100 1 _aՀյուգո, Վիկտոր,
_d1802-1885
_95858
245 1 0 _aСтихотворения и публицистика :
_bПер. с фр. /
_cВ. Гюго; Под ред. А.А. Смирнова.
260 _aЛенинград, :
_bДетгиз,
_c1954.
300 _a176 стр. ;
_cпортр.
_c21 см.
650 1 4 _aՖրանսիական գրականություն
_xПоэзия
650 1 4 _aՖրանսիական գրականություն
_xПроза
700 1 _aСмирнов, А.А.
_eред.
_4edt
090 _c479412
999 _c476121
_d476121